00575nam a2200217Ia 4500003000400000005001700004006001800021007000300039008004100042037001700083040001800100041001300118082001700131100002500148245004000173260006000213300001800273650002200291942002500313999001900338OSt20220925191135.0a|||||r|||| 00| 0ta220923b |||||||| |||| 00| 0 eng d cGeneral Book aRTLcRTLbeng 2engaeng aX:8.2.N7, L0 aRay Arabinda9240853 0aIndian manager in search of a style aBombaybEconomic and Political Weekly India c1970 avii, 67pccm. aManagement930681 hX:8.2.N7, L0cGB2CC c517378d517378